logo

Bir Sreshtho Munshi Abdur Rouf Library
Jhenaidah Cadet College

ওস্তাদ আলাউদ্দিন খাঁ ও তাঁর পত্রাবলি / (Record no. 8420)

MARC details
000 -LEADER
fixed length control field 00879nam a2200241 a 4500
001 - CONTROL NUMBER
JCCL Control Number 8420
003 - CONTROL NUMBER IDENTIFIER
JCCL marc code BD-JhCC
005 - DATE AND TIME OF LATEST TRANSACTION
control field 20180307132222.0
008 - FIXED-LENGTH DATA ELEMENTS--GENERAL INFORMATION
fixed length control field 171111s1984 bg a|||| ||a| 000 0 ben d
020 ## - INTERNATIONAL STANDARD BOOK NUMBER
International Standard Book Number 9845550201
035 ## - SYSTEM CONTROL NUMBER
system control number (BD-JhCC)8420
040 ## - CATALOGING SOURCE
Original cataloging agency BD-JhCC
Modifying agency BD-JhCC
041 ## - LANGUAGE CODE
Language code of Book ben
082 ## - DEWEY DECIMAL CLASSIFICATION NUMBER
Classification number 780.92
Author mark and Year KHA 1984
100 ## - MAIN ENTRY--PERSONAL NAME
Personal name খান, মোবারক হোসেন
245 ## - TITLE STATEMENT
Title ওস্তাদ আলাউদ্দিন খাঁ ও তাঁর পত্রাবলি /
Statement of responsibility, etc মোবারক হোসেন খান
260 ## - PUBLICATION, DISTRIBUTION, ETC. (IMPRINT)
Place of publication, distribution, etc ঢাকা:
Name of publisher, distributor, etc বাংলা শিল্পকলা একাডেমী ;
Date of publication, distribution, etc ১৯৮৪.
300 ## - PHYSICAL DESCRIPTION
Pagination ১৪১ পৃ.;
Dimensions ২৩ সেমি
490 ## - SERIES STATEMENT
Series statement Series in honour of the Martyrs of the Language Movement of February 1952.
650 ## - SUBJECT ADDED ENTRY--TOPICAL TERM
Topical term or geographic name as entry element music
942 ## - ADDED ENTRY ELEMENTS (KOHA)
Source of classification or shelving scheme Dewey Decimal Classification
Koha item type Books
Holdings
Source of classification or shelving scheme Damaged status Not for loan Home library Current library Shelving location Date of accession Cost, normal purchase price Total Checkouts Full call number Barcode Date last seen Copy number Koha item type
Dewey Decimal Classification     JCC Rouf Library JCC Rouf Library General Stacks 02/24/2018 150.00   780.92 KHA 1984 10769 02/24/2018 C-1 Books

JCC Library | Contacts | JCC Home

Last Update on 23 September 2017
Copyright @ 2017-2020 JCC Rouf Library
Rouf Library, Jhenidah Cadet College (JCC), Bangladesh